Movies Quiz

Random Movies or Actor Quiz

Famous Actors' First Roles Quiz Stats

 Plays Quiz Updated Oct 25, 2012

Challenge
Share
Tweet
Score 0/24 Timer 06:00
3 Plays Today
Actor % Correct
Matt Damon (Mystic Pizza 1988)
90.3%
Tom Hanks (He Knows You're Alone 1980)
89.2%
Harrison Ford (Dead Heat on a Merry-go-round 1966)
88.5%
Nicolas Cage (Fast Times at Ridgemont High 1982)
83.1%
Tommy Lee Jones (Love Story 1970)
76.3%
Meryl Streep (Julia 1977)
75.1%
Dustin Hoffman (The Tiger Makes Out 1967)
73.8%
Sean Connery (Another Time Another Place 1958)
55.8%
Johnny Depp (A Nightmare on Elm Street 1984)
55.4%
Elijah Wood (Back to the Future II 1989)
54.4%
Sandra Bullock (Hangman 1987)
50.8%
Ed Harris (Coma 1978)
49.7%
Actor % Correct
Denzel Washington (Death Wish 1974)
46.8%
James Franco (Never Been Kissed 1999)
46.3%
Tom Cruise (Endless Love 1981)
42.6%
Clint Eastwood (Revenge of the Creature 1953)
40.5%
Catherine Zeta-Jones (Les 1001 Nuits 1990)
36.8%
Robert Duvall (To Kill a Mockingbird 1962)
31.3%
Sharon Stone (Stardust Memories 1980)
26.9%
Jack Nicholson (The Cry Baby Killer 1958)
25.9%
Demi Moore (Choices 1981)
24.6%
Angelina Jolie (Lookin' to Get Out 1982)
24.1%
Ben Stiller (Hot Pursuit 1987)
17.7%
Ian McKellen (Thank You All Very Much 1969)
11.7%

You're not logged in!

Compare scores with friends on all Sporcle quizzes.
OR
Log In

You Might Also Like...

Show Comments

Extras

Top Quizzes Today


Score Distribution

Your Account Isn't Verified!

In order to create a playlist on Sporcle, you need to verify the email address you used during registration. Go to your Sporcle Settings to finish the process.

Report this User

Report this user for behavior that violates our Community Guidelines.

Details: